Baseball Team Locations - Statistics

General Stats
  • This quiz has been taken 18 times
  • The average score is 29 of 30
Answer Stats
Hint Answer % Correct
Toronto Blue Jays
100%
Atlanta Braves
100%
Milwaukee Brewers
100%
St. Louis Cardinals
100%
Chicago (National League) Cubs
100%
San Fransisco Giants
100%
Cleveland Guardians
100%
Seattle Mariners
100%
Miami Marlins
100%
New York (National League) Mets
100%
Washington Nationals
100%
Baltimore Orioles
100%
Philadelphia Phillies
100%
Pittsburgh Pirates
100%
Tampa Bay Rays
100%
Cincinnati Reds
100%
Boston Red Sox
100%
Colorado Rockies
100%
Detroit Tigers
100%
Minnesota Twins
100%
Chicago (American League) White Sox
100%
New York (American League) Yankees
100%
Anaheim Angels
94%
Houston Astros
94%
Arizona Diamondbacks
94%
San Diego Padres
94%
Texas Rangers
94%
Kansas City Royals
94%
Las Vegas Athletics
81%
Los Angeles Dodgers
81%
No matching quizzes found
Score Distribution
Percent of People with Each Score
Percentile by Number Answered
Your Score History
You have not taken this quiz